000 00319nam a22001217a 4500
020 _a81-219-2961-X
082 _a657
_bWAS/P
100 _aV.WASON
245 _aWASON'S PROBLEMS AND SOLUTIONS IN ACCOUNTANCY
_bFOR CLASS XII
260 _aDELHI
_bS.CHAND & CO
_c2008
650 _aACCOUNTANCY FOR CLASS XII
_zINDIA
942 _cBK
999 _c616
_d616